000 nam a22 4500
999 _c9294
_d9294
008 180430b ||||| |||| 00| 0 eng d
245 _aSouth Africans sweet on sugary drinks despite fat tax.
260 _aPhilippines.
_bThe Philippine Star
_cc2016
300 _apage B-5.
650 0 _927662
_aObesity.
942 _2ddc
_cPER